| 000 | 01993nam0a2200373 4500 | ||
|---|---|---|---|
| 001 | RU\NLR\bibl\1751067 | ||
| 005 | 20260405230846.0 | ||
| 010 |
_a978-5-903090-44-0 _91000 |
||
| 021 |
_aRU _b2011-16938 _91194 |
||
| 035 | _a(nilc)RSL-KNO-004905015 | ||
| 035 | _a(NLR Aleph) 001741924 | ||
| 090 |
_a1464790 _c1464790 |
||
| 100 | _a20110321d2010 |||y0rusy50 ca | ||
| 101 | 0 | _arus | |
| 102 | _aRU | ||
| 105 | _ay ||||||||| | ||
| 200 | 1 |
_aКартография _eучебник для студентов высших учебных заведений, обучающихся по направлению подготовки [65050] "Землеустройство и земельный кадастр" специальность 120303 "Городской кадастр" _fВ.П. Давыдов, Д.М. Петров, Т.Ю. Терещенко _gпод ред. д.т.н., проф. Ю.И. Беспалова |
|
| 210 |
_aСанкт-Петербург _cПроспект науки _d2010 |
||
| 215 |
_a206, [1] с. _cил., табл. _d21 |
||
| 320 | _aБиблиогр.: с. 206-207 (21 назв.) | ||
| 606 | 1 |
_aКартография _jУчебники для высших учебных заведений _9909093 _3RU\NLR\auth\6611978 |
|
| 686 |
_aД17я73-1 _2rubbk |
||
| 686 | _aД17я73-1 | ||
| 700 | 1 |
_4070 _8rus _7ca _aДавыдов _bВ. П. _cкартограф _gВладимир Петрович _3RU\NLR\auth\77104822 _987747 |
|
| 701 | 1 |
_4070 _7ca _8rus _aПетров _bД. М. _cд-р экон. наук, картограф. пр-во _gДмитрий Михайлович _987748 _3RU\NLR\AUTH\77104823 |
|
| 701 | 1 |
_4070 _aТерещенко _bТ. Ю. _cканд. техн. наук _gТатьяна Юрьевна _9238456 _3RU\NLR\AUTH\770238512 |
|
| 801 | 0 |
_aRU _bRuMoRKP _c20110321 _grcr |
|
| 801 | 1 |
_aRU _bRuMoRGB _c20110321 |
|
| 801 | 2 |
_aRU _bNLR _c20110325 _grcr |
|
| 830 | _aавт. раскрыты в кн. | ||
| 942 | _cBOOK | ||
| 980 | _aNB | ||